|
|
|
|
| LEADER |
00000cam a2200000 7i4500 |
| 001 |
0000004046 |
| 005 |
20151030.0 |
| 090 |
0 |
0 |
|a 634.9909595
|b AGR 2006
|
| 245 |
0 |
0 |
|a Proceedings of the National Seminar on Agroforestry 20004 :
|b The Way Forward Forest Research Institute Malaysia, 21-22 September 2004
|c editors Ahmad Zuhaidi Yahya...[et.all]...
|
| 260 |
0 |
0 |
|a Selangor :
|b FRIM ,
|c 2004
|
| 300 |
|
|
|a x, 230pages. :
|b ill. ;
|c 29cm.
|
| 650 |
0 |
0 |
|a Agroforestry systems
|z Africa
|
| 650 |
0 |
0 |
|a Agroforestry---Malaysia---Congresses
|
| 700 |
0 |
1 |
|a Ab Rasis Ab Ghani
|
| 700 |
0 |
1 |
|a Hashim Md. Noor
|
| 700 |
0 |
1 |
|a Najib Lotfy Arshad
|
| 700 |
0 |
1 |
|a Rosdi Koter
|
| 700 |
0 |
1 |
|a Suhaimi Wan Chik
|
| 998 |
|
|
|a JPSM
|
| 999 |
|
|
|a 007876
|b Monograph
|c Open Shelf
|e Default branch
|